[Event "Challenge"]
[Site "http://www.queenalice.com/game.php?id=939283"]
[Date "2011.5.17"]
[Round "-"]
[White "bronjos"]
[Black "discover100"]
[Result "0-1"]
[WhiteElo "1301"]
[BlackElo "1410"]

1. e4 d5 2. Nc3 d4 3. Nd5 e6 4. Nf4 e5 5. Nd5 Be6 6. c4 c6 7. Nb4 Bxb4 8. Qa4
Qb6 9. a3 Be7 10. d3 Nf6 11. Bg5 Qxb2 12. Rc1 Nxe4 13. h4 Bxg5 14. hxg5 Qd2# 0-1

[Event "Challenge"]
[Site "http://www.queenalice.com/game.php?id=946992"]
[Date "2011.6.7"]
[Round "-"]
[White "bronjos"]
[Black "dpambakian"]
[Result "1-0"]
[WhiteElo "1312"]
[BlackElo "1142"]

1. d4 d5 2. Nc3 Nf6 3. Nf3 Nc6 4. Bg5 Ng4 5. Qd3 h6 6. Bh4 g5 7. Bg3 Bg7 8.
O-O-O Na5 9. Qb5+ c6 10. Qa4 b5 11. Qb4 O-O 12. e4 dxe4 13. Nxe4 f5 14. Ne5 Qd5
15. Qxa5 Qxe4 16. Nd3 Bxd4 17. f3 Qd5 18. Nb4 Qe5 19. Bxe5 Ne3 20. Rxd4 g4 21.
Be2 gxf3 22. Bxf3 Be6 23. Bxc6 Rac8 24. Qxa7 f4 25. Qxe7 Bf5 26. Rxf4 Bg6 27.
Nd5 Rce8 28. Qd6 Nc4 29. Ne7+ Kh7 30. Qc7 b4 31. Rxc4 Rf7 32. Bxe8 Rf2 33. Nxg6+
Kg8 34. Qf7+ Rxf7 35. Bxf7+ Kxf7 36. Rc6 h5 37. Rf1+ Ke8 38. Rc7 b3 39. cxb3 h4
40. Rf8# 1-0

[Event "Challenge"]
[Site "http://www.queenalice.com/game.php?id=956824"]
[Date "2011.7.4"]
[Round "-"]
[White "bronjos"]
[Black "dpambakian"]
[Result "0-1"]
[WhiteElo "1325"]
[BlackElo "1157"]

1. e4 e5 2. d3 d6 3. Nf3 Nc6 4. c3 Bg4 5. Qa4 Qf6 6. Be2 O-O-O 7. O-O Nh6 8. Bg5
Qg6 9. Bxd8 Kxd8 10. h3 Bh5 11. Nbd2 f5 12. b4 fxe4 13. Nxe4 Nf5 14. b5 Bxf3 15.
Bxf3 Nce7 16. Qxa7 Nh4 17. Bg4 h5 18. Bf3 Nxf3+ 19. Kh1 Nf5 20. g4 hxg4 21. Qxb7
gxh3 22. Ng3 Nxg3+ 23. fxg3 Nd2 24. Rg1 h2 25. Rg2 Qxd3 26. Rxh2 Qf3+ 27. Qxf3
Rxh2+ 28. Kxh2 Nxf3+ 29. Kg2 e4 30. Rf1 g5 31. g4 Nh4+ 32. Kg3 d5 33. Rxf8+ Ke7
34. Rc8 e3 35. Rxc7+ Kd6 36. Rc6+ Kd7 37. Rf6 e2 38. Rf7+ Ke6 39. Rf2 e1=Q 40.
a4 Qe5+ 41. Kh3 Qe3+ 42. Kh2 Qxf2+ 43. Kh1 Qg2# 0-1

[Event "murgu"]
[Site "http://www.queenalice.com/game.php?id=957845"]
[Date "2011.7.7"]
[Round "1"]
[White "bronjos"]
[Black "jbinow"]
[Result "0-1"]
[WhiteElo "1287"]
[BlackElo "2115"]

1. e4 e5 2. d4 exd4 3. Qxd4 Nc6 4. Qc4 Nf6 5. Nc3 d6 6. Bg5 Be7 7. Nf3 Be6 8.
Qb5 Qc8 9. O-O-O a6 10. Qa4 O-O 11. Bc4 b5 12. Bxe6 Qxe6 13. Qb3 h6 14. Be3 Qxb3
15. axb3 b4 16. Nd5 Bd8 17. c3 Nxe4 18. Rdf1 Rb8 19. h4 bxc3 20. bxc3 Rxb3 21.
Nd2 Nxd2 22. Kxd2 Ne5 23. Bd4 c5 24. Rb1 Rxb1 25. Rxb1 cxd4 26. cxd4 Ba5+ 27.
Ke3 Ng6 28. h5 Re8+ 29. Kd3 Nh4 30. Ra1 Be1 31. Rxa6 Nxg2 32. Rxd6 Bxf2 33. Rd7
Ne1+ 34. Kc4 Kf8 35. Nc7 Rc8 36. d5 Bg3 37. d6 Bxd6 38. Rxd6 Rxc7+ 39. Kd5 Ke7
40. Rc6 Rxc6 41. Kxc6 Ke6 42. Kc7 f5 43. Kb7 f4 44. Kb6 f3 45. Kc7 f2 46. Kb6
f1=Q 47. Kc7 Qb5 48. Kd8 Qd7# 0-1

[Event "Challenge"]
[Site "http://www.queenalice.com/game.php?id=958692"]
[Date "2011.7.9"]
[Round "-"]
[White "bronjos"]
[Black "dpambakian"]
[Result "0-1"]
[WhiteElo "1295"]
[BlackElo "1170"]

1. e4 e5 2. d4 exd4 3. Qxd4 b6 4. Nf3 Bc5 5. Qc4 Ba6 6. Qd5 c6 7. Qe5+ Ne7 8.
Bd3 Bb4+ 9. Nc3 O-O 10. O-O Ng6 11. Qd6 Bxd6 12. Bg5 Qc7 13. Rae1 c5 14. Nd5 Qb7
15. c4 Nc6 16. a4 Nd4 17. e5 Bxe5 18. Nxe5 Rae8 19. f4 d6 20. Nf3 Qd7 21. b4
cxb4 22. Nxd4 f6 23. Nxf6+ gxf6 24. Bh6 Nh4 25. f5 Qb7 26. Nf3 d5 27. Rc1 dxc4
28. Bxc4+ Kh8 29. Nxh4 Rg8 30. g3 Bxc4 31. Rxc4 Qd5 32. Rxb4 a5 33. Rxb6 Qc5+
34. Kg2 Qxb6 35. Rf4 Re2+ 36. Kf1 Rge8 37. Nf3 Qf2# 0-1

[Event "Challenge"]
[Site "http://www.queenalice.com/game.php?id=961554"]
[Date "2011.7.18"]
[Round "-"]
[White "bronjos"]
[Black "dpambakian"]
[Result "1-0"]
[WhiteElo "1269"]
[BlackElo "1256"]

1. e4 e5 2. d3 Nc6 3. Nc3 Nf6 4. Bg5 h6 5. Bh4 g5 6. Bg3 Nd4 7. Nf3 d6 8. h4 Ng4
9. hxg5 Be6 10. Nd5 c6 11. Nf6+ Ke7 12. Nxg4 Bxg4 13. Rh4 Bxf3 14. gxf3 Ke8 15.
c3 Qxg5 16. Rg4 Qh5 17. cxd4 c5 18. dxc5 dxc5 19. Qa4+ Kd8 20. Ke2 Rc8 21. Rh4
Qg5 22. Bh3 Rc7 23. Rc1 Qxc1 24. Bxe5 c4 25. Bxh8 cxd3+ 26. Kxd3 Rd7+ 27. Qxd7#
1-0

[Event "Josh vs Uncle David"]
[Site "http://www.queenalice.com/game.php?id=973000"]
[Date "2011.8.16"]
[Round "-"]
[White "bronjos"]
[Black "dpambakian"]
[Result "1-0"]
[WhiteElo "1287"]
[BlackElo "1296"]

1. d4 d5 2. c3 Nf6 3. Bg5 Nc6 4. e3 Ne4 5. Bb5 a6 6. Ba4 Nxg5 7. f4 Ne4 8. Nf3
b5 9. Bb3 Na5 10. Bc2 e6 11. Ne5 f6 12. Nd3 e5 13. dxe5 fxe5 14. fxe5 Be7 15.
Qh5+ g6 16. Qh6 Bf8 17. Qf4 Be7 18. O-O Bg5 19. Qf7# 1-0

[Event "murgu"]
[Site "http://www.queenalice.com/game.php?id=975848"]
[Date "2011.8.22"]
[Round "2"]
[White "UKopra"]
[Black "bronjos"]
[Result "1-0"]
[WhiteElo "1756"]
[BlackElo "1303"]

1. d4 Nc6 2. Nf3 Nf6 3. c4 d5 4. Nc3 dxc4 5. e4 Bg4 6. Be3 e6 7. Bxc4 Bb4 8. Qc2
O-O 9. Rd1 Qe7 10. Be2 Rfd8 11. O-O e5 12. d5 Nd4 13. Nxd4 exd4 14. Rxd4 c5 15.
Rc4 Rac8 16. f3 Bh5 17. Na4 b6 18. a3 b5 19. Bxc5 bxc4 20. Bxe7 Bxe7 21. Bxc4
Nd7 22. g4 Bg6 23. f4 h5 24. f5 Bh7 25. gxh5 g6 26. hxg6 fxg6 27. fxg6 Bxg6 28.
d6+ Kg7 29. dxe7 Re8 30. Qc3+ Kh6 31. Qh3+ Kg7 32. Qxd7 Rxc4 33. e5 Rec8 34.
e8=Q+ Kh6 35. Qexc8 Rxc8 36. Qxc8 Bd3 37. Rf6+ Bg6 38. Qg4 a6 39. Qxg6# 1-0

[Event "Challenge"]
[Site "http://www.queenalice.com/game.php?id=977756"]
[Date "2011.8.27"]
[Round "-"]
[White "dpambakian"]
[Black "bronjos"]
[Result "1-0"]
[WhiteElo "1321"]
[BlackElo "1303"]

1. e4 d5 2. exd5 Qxd5 3. c4 Qe6+ 4. Be2 Nf6 5. Na3 Ne4 6. c5 Nxc5 7. Nb5 Kd8 8.
Nf3 a6 9. Nbd4 Qd5 10. O-O e5 11. Nf5 g6 12. Ne3 Qd6 13. b4 Nd3 14. Qb3 Nxc1 15.
Qa3 Nxe2+ 16. Kh1 Qxb4 17. Qd3+ Nd4 18. Nxe5 Nd7 19. Qe4 f5 20. Nf7# 1-0

[Event "Challenge"]
[Site "http://www.queenalice.com/game.php?id=982168"]
[Date "2011.9.6"]
[Round "-"]
[White "dpambakian"]
[Black "bronjos"]
[Result "0-1"]
[WhiteElo "1354"]
[BlackElo "1288"]

1. e4 e6 2. d3 d5 3. exd5 Qxd5 4. Nc3 Qd4 5. Be3 Qb4 6. a3 Qxb2 7. Bd2 e5 8. d4
Bg4 9. Be2 h5 10. Rb1 Qxa3 11. Bb5+ c6 12. Be2 exd4 13. Ne4 Nf6 14. Ra1 Qb2 15.
c3 d3 16. Bxd3 Bxd1 17. Rxd1 Nd5 18. c4 Nb4 19. Bc3 Nxd3+ 20. Rxd3 Qc2 21. Re3
Nd7 22. Re2 Qc1# 0-1

[Event "scumbag"]
[Site "http://www.queenalice.com/game.php?id=982826"]
[Date "2011.9.8"]
[Round "-"]
[White "bronjos"]
[Black "dpambakian"]
[Result "1-0"]
[WhiteElo "1307"]
[BlackElo "1322"]

1. e4 e5 2. d4 exd4 3. Qxd4 Nc6 4. Qc4 Bb4+ 5. Nc3 a5 6. a3 Bd6 7. Nf3 Nf6 8.
Bg5 O-O 9. O-O-O Ra6 10. e5 Bxe5 11. Nxe5 Nxe5 12. Qf4 Nc6 13. Bxa6 bxa6 14. Nd5
h6 15. Bh4 g5 16. Nxf6+ Kg7 17. Nh5+ Kh8 18. Qf6+ Kg8 19. Bg3 Re8 20. f4 Re6 21.
Qg7# 1-0

[Event "Challenge"]
[Site "http://www.queenalice.com/game.php?id=985632"]
[Date "2011.9.15"]
[Round "-"]
[White "dpambakian"]
[Black "bronjos"]
[Result "0-1"]
[WhiteElo "1381"]
[BlackElo "1324"]

1. e4 e5 2. d3 d6 3. f3 Qh4+ 4. g3 Qh5 5. d4 exd4 6. Bf4 Qa5+ 7. c3 dxc3 8. Nxc3
Be6 9. Qc2 Nc6 10. O-O-O O-O-O 11. Nb5 Nb4 12. Qc3 Bxa2 13. Ne2 Qxb5 14. Nd4 Qc5
15. Be3 g6 16. Nb5 Bh6 17. Kd2 Bxe3+ 18. Ke1 Bh6 19. Qxh8 Nc2+ 20. Ke2 Qxb5+ 21.
Kf2 Be3+ 22. Kg2 Qb6 23. Qc3 Nb4 24. Qa3 Be6 25. Be2 Nf6 26. f4 Nxe4 27. f5 Bxf5
28. Kf3 Ng5+ 29. Kg2 Qc6+ 30. Bf3 Qxf3# 0-1

[Event "murgu"]
[Site "http://www.queenalice.com/game.php?id=988275"]
[Date "2011.9.21"]
[Round "3"]
[White "tche_elvio"]
[Black "bronjos"]
[Result "1-0"]
[WhiteElo "1525"]
[BlackElo "1326"]

1. e4 d5 2. d4 e5 3. Nc3 Nf6 4. Bg5 Nc6 5. Nf3 h6 6. Nxe5 hxg5 7. Nxc6 bxc6 8.
exd5 cxd5 9. Bb5+ Nd7 10. O-O c6 11. Re1+ Be7 12. Bxc6 Rb8 13. b3 Qc7 14. Nxd5
Qxc6 15. Nxe7 Qb6 16. Nxc8+ Kd8 17. Nxb6 Rxb6 18. c4 Rhh6 19. Qe2 f5 20. Qe7+
Kc7 21. Qxg5 Rhg6 22. Qf4+ Rbd6 23. Qxf5 Rgf6 24. Qa5+ Kb7 25. Re7 a6 26. c5
Rxd4 27. c6+ Rxc6 28. Rxg7 Rc5 29. Qe1 a5 30. Rc1 Kb6 31. Rg6+ Kb5 32. Rxc5+
Nxc5 33. Qe2+ Kb4 34. Rb6+ Ka3 35. Rb5 Nd3 36. g3 a4 37. bxa4 Rxa4 38. Qxd3+
Kxa2 39. Qc2+ Ka1 40. Qb1# 1-0

[Event "Challenge"]
[Site "http://www.queenalice.com/game.php?id=988966"]
[Date "2011.9.23"]
[Round "-"]
[White "dpambakian"]
[Black "bronjos"]
[Result "1-0"]
[WhiteElo "1349"]
[BlackElo "1342"]

1. e4 d5 2. exd5 Qxd5 3. c4 Qe5+ 4. Ne2 Bf5 5. Qa4+ Nc6 6. Qb3 O-O-O 7. Nc3 Rd4
8. Na4 e6 9. Kd1 Nf6 10. f4 Qe4 11. Nc5 Qd5 12. cxd5 Nxd5 13. Qxb7+ Kd8 14. Nxd4
Bxc5 15. Nxc6+ Kd7 16. Bb5 Bg4+ 17. Kc2 f6 18. d4 Bd6 19. Bd2 Bxf4 20. Ne5+ Kd6
21. Qc6+ Ke7 22. Qd7+ Kf8 23. Qd8# 1-0

[Event "It's been a while actually..."]
[Site "http://www.queenalice.com/game.php?id=1009233"]
[Date "2011.11.16"]
[Round "-"]
[White "bronjos"]
[Black "dpambakian"]
[Result "1-0"]
[WhiteElo "1335"]
[BlackElo "1345"]

1. Nf3 Nf6 2. c4 Nc6 3. d4 d6 4. Qa4 Bd7 5. d5 Ne5 6. Qa5 Nxc4 7. Qc3 Nb6 8. Be3
e5 9. Nbd2 Na4 10. Qb3 Nc5 11. Qc4 b5 12. Qh4 Be7 13. h3 Nxd5 14. Bg5 h6 15.
Bxe7 Nxe7 16. O-O-O g5 17. Qh5 Kf8 18. Nb3 Na4 19. h4 Ng6 20. hxg5 e4 21. Nh4
hxg5 22. Nxg6+ Ke8 23. Qxh8# 1-0

[Event "Challenge"]
[Site "http://www.queenalice.com/game.php?id=1018458"]
[Date "2012.1.29"]
[Round "-"]
[White "bronjos"]
[Black "dpambakian"]
[Result "0-1"]
[WhiteElo "1349"]
[BlackElo "1343"]

1. d4 d5 2. e3 Nf6 3. c4 dxc4 4. Bxc4 Ne4 5. Qf3 Ng5 6. Qf4 f6 7. h4 Ne6 8. Nf3
Nxf4 9. exf4 e5 10. fxe5 Qe7 11. O-O Bg4 12. Re1 Qb4 13. b3 Bxf3 14. Bd2 Qb6 15.
gxf3 fxe5 16. dxe5 Bc5 17. Be3 Qg6+ 18. Kh2 Rf8 19. Bxc5 Nd7 20. Ba3 Rxf3 21.
Nd2 Rxf2+ 22. Kh3 Qg2# 0-1

[Event "Challenge"]
[Site "http://www.queenalice.com/game.php?id=1027477"]
[Date "2012.2.7"]
[Round "-"]
[White "dpambakian"]
[Black "bronjos"]
[Result "1-0"]
[WhiteElo "1366"]
[BlackElo "1333"]

1. e4 c5 2. d3 d5 3. exd5 Qxd5 4. c4 Qe6+ 5. Be3 Nf6 6. Nc3 b6 7. Qf3 Nc6 8. Nb5
Bb7 9. Nc7+ Kd7 10. Nxe6 fxe6 11. d4 Na5 12. d5 exd5 13. Qf5+ e6 14. Qh3 Nxc4
15. Bf4 Bd6 16. Bxd6 Kxd6 17. Rd1 Nxb2 18. Rd2 Nc4 19. Bxc4 Rae8 20. Nf3 Kc6 21.
Ne5+ Kd6 22. Nf7+ Kc6 23. Bb3 Rhf8 24. Ne5+ Kc7 25. O-O Nd7 26. Nf3 c4 27. Ba4
a6 28. Qg3+ e5 29. Qxg7 b5 30. Bc2 c3 31. Rd3 e4 32. Rxc3+ Kb6 33. a4 exf3 34.
Qh6+ Ka5 35. Rc7 Bc8 36. axb5 axb5 37. Ra1+ Kb4 38. Qd2# 1-0

[Event "Been a while..."]
[Site "http://www.queenalice.com/game.php?id=1196792"]
[Date "2013.7.3"]
[Round "-"]
[White "bronjos"]
[Black "dpambakian"]
[Result "1-0"]
[WhiteElo "1318"]
[BlackElo "1406"]

1. d4 e6 2. e4 Nc6 3. c3 Nf6 4. f3 d5 5. Nd2 Bd6 6. Nh3 O-O 7. Be2 dxe4 8. Nxe4
Nd5 9. O-O e5 10. Qb3 Na5 11. Qxd5 Be6 12. Qxa5 exd4 13. cxd4 b6 14. Qa6 Bc8 15.
Qc4 Be6 16. d5 Bc5+ 17. Be3 Bxe3+ 18. Nhf2 Bxd5 19. Qd3 Bf4 20. Rfd1 c5 21. Qxd5
Qh4 22. g3 Qh6 23. gxf4 Rae8 24. Nd6 Re6 25. Nf5 Rg6+ 26. Ng4 Qxf4 27. Ne7+ Kh8
28. Nxg6+ hxg6 29. Qe5 Qa4 30. Rd5 Re8 31. Qc7 Rxe2 32. Rd8+ Kh7 33. Qg3 Qc2 34.
Qh4# 1-0